| 000 | 00701nam a22001577a 4500 | ||
|---|---|---|---|
| 003 | OSt | ||
| 005 | 20151105135425.0 | ||
| 008 | 151105b xxu||||| |||| 00| 0 eng d | ||
| 040 | _cRUA | ||
| 082 | _aFOR BRA 1999 B126 Or.1 | ||
| 100 |
_93388 _aBRAK, SOMETH. |
||
| 245 | _aUtilization of fuel wood in odong district kampong speu province through community participatory management, ការប្រើប្រាស់ឈើថាមពលក្នុងស្រុកឧដុង្គខេត្តកំពង់ស្ពឺ តាមរយៈចូលរួមរៀមចំរបស់សហគមន៍ | ||
| 260 |
_aPhnom Penh _bRUA _c1999 |
||
| 300 |
_a52p. _bill. _c29cm. |
||
| 942 |
_2ddc _cFOR |
||
| 999 |
_c3161 _d3161 |
||